[Event "ODEM U25B 2013"]
[Site "Oberhof GER"]
[Date "2013.05.19"]
[Round "2"]
[White "Hagenbeck-Hübert, Lara"]
[Black "Schilay, Lorenz"]
[Result "0-1"]
[Termination "normal"]
[Board "1"]
[WhiteElo "1338"]
[BlackElo "1543"]
[PlyCount "86"]
[WhiteFideId "12964484"]
[BlackFideId "12930180"]
[EventCountry "GER"]
[EventRounds "9"]
[EventType "swiss"]
[EventDate "2013.05.18"]

1. d4 d5 2. Nf3 e6 3. Bf4 f5 4. e3 Nf6 5. Bd3 Be7 6. O-O O-O 7. Nbd2 Nbd7 8. c4
c6 9. cxd5 Nxd5 10. Bg3 c5 11. dxc5 Nxc5 12. Nb3 Nxe3 13. fxe3 Qxd3 14. Qxd3
Nxd3 15. Rab1 b6 16. Rfd1 Ba6 17. Nbd4 Kf7 18. Rxd3 Bxd3 19. Ne5+ Kf6 20. Nxd3
Rfd8 21. Bh4+ g5 22. Bxg5+ Kxg5 23. Nxe6+ Kf6 24. Nxd8 Rxd8 25. Nf4 Rd2 26. b4
Rxa2 27. Nd5+ Ke6 28. Nxe7 Kxe7 29. h3 Ke6 30. Rc1 Rd2 31. Rc7 Rd7 32. Rxd7
Kxd7 33. Kf2 Kc6 34. e4 fxe4 35. g4 a5 36. bxa5 bxa5 37. Ke3 a4 38. Kxe4 a3 39.
Kf5 a2 40. h4 a1=Q 41. g5 Qg7 42. h5 Qf7+ 43. Kg4 Kd6 0-1

[Event "ODEM U25B 2013"]
[Site "Oberhof GER"]
[Date "2013.05.19"]
[Round "2"]
[White "Silber, Kevin"]
[Black "Hausdorf, Lars"]
[Result "1/2-1/2"]
[Termination "normal"]
[Board "2"]
[WhiteElo "1542"]
[BlackElo "1348"]
[PlyCount "57"]
[WhiteFideId "12930440"]
[BlackFideId "16200390"]
[EventCountry "GER"]
[EventRounds "9"]
[EventType "swiss"]
[EventDate "2013.05.18"]

1. e4 e5 2. Nf3 Nf6 3. Bc4 Nc6 4. Ng5 d5 5. exd5 Na5 6. Bb3 Nxb3 7. axb3 Nxd5
8. d3 Be7 9. Ne4 O-O 10. O-O f5 11. Nec3 c6 12. Re1 Qc7 13. Qf3 Be6 14. Bd2 Nb4
15. Na3 Rad8 16. Qe2 Bf6 17. Rab1 Rd7 18. Na4 Nd5 19. c4 Nb6 20. Nc5 Re7 21.
Bb4 Rd8 22. Nxb7 Qxb7 23. Bxe7 Qxe7 24. Rbc1 Nd7 25. Rcd1 a6 26. Nc2 c5 27. f4
Rb8 28. Na1 Rb6 29. g3 1/2-1/2

[Event "ODEM U25B 2013"]
[Site "Oberhof GER"]
[Date "2013.05.19"]
[Round "2"]
[White "Thumm, Niklas"]
[Black "Pixa, Ulrich"]
[Result "1-0"]
[Termination "normal"]
[Board "3"]
[WhiteElo "1330"]
[BlackElo "1518"]
[PlyCount "89"]
[WhiteFideId "12918733"]
[BlackFideId "4697723"]
[EventCountry "GER"]
[EventRounds "9"]
[EventType "swiss"]
[EventDate "2013.05.18"]

1. e4 e5 2. Nf3 Nc6 3. Bc4 Bc5 4. b4 Bxb4 5. c3 Be7 6. Qb3 d6 7. Bxf7+ Kf8 8.
a3 Na5 9. Qa2 Nh6 10. Be6 Bf6 11. d4 Bxe6 12. Qxe6 Nf7 13. O-O Qe7 14. Qd5 Nc6
15. Nbd2 Ng5 16. Rb1 Nd8 17. a4 c6 18. Qa5 Nxf3+ 19. Nxf3 exd4 20. cxd4 Qxe4
21. Ba3 Qe6 22. Rfe1 Qd7 23. Ne5 Bxe5 24. dxe5 b6 25. Rxb6 axb6 26. Qxa8 c5 27.
e6 Qe7 28. Bb2 h5 29. f4 Rh6 30. f5 Kg8 31. h3 Rh8 32. Rf1 Rh6 33. Re1 Rh8 34.
f6 gxf6 35. Bxf6 Qxf6 36. e7 Kf7 37. Rf1 Qxf1+ 38. Kxf1 Kxe7 39. Qa7+ Ke6 40.
Qxb6 Rf8+ 41. Kg1 Nf7 42. Qb3+ Ke7 43. a5 Rd8 44. a6 Rd7 45. Qb7 1-0

[Event "ODEM U25B 2013"]
[Site "Oberhof GER"]
[Date "2013.05.19"]
[Round "2"]
[White "Hesse, Henrik"]
[Black "Walter, Daniel"]
[Result "1-0"]
[Termination "normal"]
[Board "4"]
[WhiteElo "1701"]
[BlackElo "1338"]
[PlyCount "39"]
[WhiteFideId "12952060"]
[BlackFideId "12983110"]
[EventCountry "GER"]
[EventRounds "9"]
[EventType "swiss"]
[EventDate "2013.05.18"]

1. e4 Nf6 2. e5 Nd5 3. d4 d6 4. exd6 exd6 5. c4 Nb6 6. Nc3 Nc6 7. Be3 Be7 8.
Bd3 Bf6 9. Nge2 O-O 10. Qc2 h6 11. a3 a5 12. O-O Re8 13. Rad1 Bg5 14. Bxg5 Qxg5
15. Ne4 Qe7 16. N4g3 Bd7 17. Rfe1 Qf6 18. Kf1 Nxd4 19. Nxd4 Qxd4 20. Bh7+ 1-0

[Event "ODEM U25B 2013"]
[Site "Oberhof GER"]
[Date "2013.05.19"]
[Round "2"]
[White "Morio, Estelle"]
[Black "Finkous, Robert"]
[Result "1-0"]
[Termination "normal"]
[Board "5"]
[WhiteElo "1322"]
[BlackElo "1481"]
[PlyCount "63"]
[WhiteFideId "12951951"]
[BlackFideId "12979490"]
[EventCountry "GER"]
[EventRounds "9"]
[EventType "swiss"]
[EventDate "2013.05.18"]

1. f4 d5 2. b3 Nc6 3. Nf3 Nf6 4. Bb2 Bf5 5. e3 e6 6. Bb5 a6 7. Bxc6+ bxc6 8.
O-O c5 9. d3 c4 10. Qe2 cxb3 11. cxb3 Bc5 12. Nd4 Bxd4 13. Bxd4 O-O 14. Nd2 Rc8
15. Rac1 Bg4 16. Nf3 Bxf3 17. Rxf3 Nd7 18. Rg3 f6 19. Qg4 Qe7 20. Bb2 Qf7 21.
Rc6 e5 22. fxe5 Nxe5 23. Bxe5 fxe5 24. Rf3 Qe7 25. Rxf8+ Rxf8 26. Qe6+ Qxe6 27.
Rxe6 d4 28. e4 g6 29. Rxe5 Rd8 30. Rc5 Rd7 31. Rc6 a5 32. Rc5 1-0

[Event "ODEM U25B 2013"]
[Site "Oberhof GER"]
[Date "2013.05.19"]
[Round "2"]
[White "Preißler, Niklas"]
[Black "Schier, Lukas"]
[Result "1-0"]
[Termination "normal"]
[Board "6"]
[WhiteElo "1746"]
[BlackElo "1327"]
[PlyCount "45"]
[WhiteFideId "12927554"]
[EventCountry "GER"]
[EventRounds "9"]
[EventType "swiss"]
[EventDate "2013.05.18"]

1. d4 d5 2. Nf3 Bf5 3. e3 e6 4. c4 Bb4+ 5. Bd2 Bxd2+ 6. Qxd2 Nf6 7. Nc3 O-O 8.
Bd3 Bxd3 9. Qxd3 Nc6 10. a3 dxc4 11. Qxc4 a6 12. b4 Re8 13. O-O e5 14. dxe5
Nxe5 15. Nxe5 Rxe5 16. Rfd1 Qe7 17. Rac1 b5 18. Qc6 Ra7 19. Nd5 Nxd5 20. Rxd5
Re6 21. Qc5 Rd6 22. Rxd6 cxd6 23. Qxa7 1-0

[Event "ODEM U25B 2013"]
[Site "Oberhof GER"]
[Date "2013.05.19"]
[Round "2"]
[White "Mönster, Michel"]
[Black "Gose, Paul-Lukas"]
[Result "0-1"]
[Termination "normal"]
[Board "7"]
[WhiteElo "1310"]
[BlackElo "1475"]
[PlyCount "128"]
[WhiteFideId "12947164"]
[BlackFideId "34688994"]
[EventCountry "GER"]
[EventRounds "9"]
[EventType "swiss"]
[EventDate "2013.05.18"]

1. e4 c5 2. d4 cxd4 3. c3 dxc3 4. Nxc3 e6 5. Nf3 Nc6 6. Bf4 a6 7. Ne5 Nxe5 8.
Bxe5 Nf6 9. Bd6 Bxd6 10. Qxd6 Qe7 11. e5 Qxd6 12. exd6 b5 13. g3 Bb7 14. Rg1
O-O 15. Bg2 Bxg2 16. Rxg2 Rac8 17. a4 b4 18. Ne2 Rc6 19. Rd1 Ne4 20. Rd4 Nxd6
21. Rxb4 a5 22. Rb3 Rc4 23. Rd3 Ne4 24. Rxd7 Rxa4 25. Kd1 Ra1+ 26. Kc2 Rc8+ 27.
Nc3 Ra2 28. Kb1 Nxc3+ 29. bxc3 Ra3 30. Kb2 Raxc3 31. f4 Kf8 32. Ra7 R3c5 33.
Kb3 Rc3+ 34. Kb2 R3c5 35. Kb3 Rb8+ 36. Ka4 Rc1 37. Ra2 Rc5 38. Rd2 Rc1 39. Ra2
Rcb1 40. Kxa5 g6 41. Ka4 Kg7 42. Ka3 h5 43. Ka4 Kh6 44. h4 f6 45. Ra3 g5 46.
fxg5+ fxg5 47. hxg5+ Kxg5 48. Rg7+ Kf6 49. Ra7 R8b5 50. Rf3+ Rf5 51. Rxf5+ Kxf5
52. Ra5+ e5 53. Rc5 Rg1 54. Rc8 Rxg3 55. Kb4 Kf4 56. Kc4 e4 57. Rf8+ Ke3 58.
Rh8 Rh3 59. Ra8 Rh4 60. Kc3 Kf3 61. Ra4 Rf4 62. Ra2 e3 63. Kd3 Re4 64. Rh2 e2
0-1

[Event "ODEM U25B 2013"]
[Site "Oberhof GER"]
[Date "2013.05.19"]
[Round "2"]
[White "Reimann, Matthias"]
[Black "Schrader, Alia"]
[Result "1-0"]
[Termination "normal"]
[Board "8"]
[WhiteElo "1626"]
[BlackElo "1311"]
[PlyCount "51"]
[WhiteFideId "12928046"]
[BlackFideId "16270312"]
[EventCountry "GER"]
[EventRounds "9"]
[EventType "swiss"]
[EventDate "2013.05.18"]

1. c4 c5 2. Nc3 Nc6 3. Nf3 Nf6 4. g3 g6 5. Bg2 Bg7 6. O-O O-O 7. d3 d5 8. cxd5
Nxd5 9. Nxd5 Qxd5 10. a3 c4 11. Nd2 Qb5 12. dxc4 Qb6 13. Rb1 Rd8 14. e3 Be6 15.
Qe2 Rac8 16. b4 Ne5 17. c5 Qc7 18. Bb2 b6 19. cxb6 axb6 20. Rfc1 Qd6 21. Bd4
Bf5 22. Ra1 Bg4 23. f3 Bd7 24. Ne4 Qd5 25. f4 f5 26. Nf6+ 1-0

[Event "ODEM U25B 2013"]
[Site "Oberhof GER"]
[Date "2013.05.19"]
[Round "2"]
[White "Wolff, Marie Antoinette"]
[Black "Gheng, Christian"]
[Result "1-0"]
[Termination "normal"]
[Board "9"]
[WhiteElo "1280"]
[BlackElo "1696"]
[PlyCount "77"]
[WhiteFideId "12908258"]
[BlackFideId "24660345"]
[EventCountry "GER"]
[EventRounds "9"]
[EventType "swiss"]
[EventDate "2013.05.18"]

1. c4 e6 2. Nc3 Nf6 3. g3 c6 4. Bg2 d5 5. cxd5 cxd5 6. e3 Be7 7. Nge2 O-O 8.
O-O Nc6 9. d4 b6 10. b3 Ba6 11. Re1 Bb4 12. Bd2 Ba3 13. Nf4 Nb4 14. e4 Rc8 15.
exd5 Bb2 16. Rb1 Bxc3 17. Bxc3 Rxc3 18. dxe6 Nd3 19. e7 Qc8 20. exf8=Q+ Kxf8
21. Nxd3 Rxd3 22. Rc1 Qd8 23. Qc2 Rxd4 24. Qc7 Qd7 25. Qb8+ Qd8 26. Qxa7 Bc8
27. Rc7 Rd7 28. Rxd7 Nxd7 29. Bh3 Nf6 30. Bxc8 Qxc8 31. Qxb6 Kg8 32. a4 h6 33.
a5 Qc3 34. Qd8+ Kh7 35. Rd1 Qxb3 36. Qd3+ Qxd3 37. Rxd3 Ne8 38. Rd7 Nf6 39.
Rxf7 1-0

[Event "ODEM U25B 2013"]
[Site "Oberhof GER"]
[Date "2013.05.19"]
[Round "2"]
[White "Dittrich, Tom"]
[Black "Klinkhammer, Christopher"]
[Result "1-0"]
[Termination "normal"]
[Board "10"]
[WhiteElo "1648"]
[BlackElo "1279"]
[PlyCount "73"]
[WhiteFideId "12923532"]
[BlackFideId "12925020"]
[EventCountry "GER"]
[EventRounds "9"]
[EventType "swiss"]
[EventDate "2013.05.18"]

1. e4 e5 2. Nf3 d6 3. Bc4 Be7 4. c3 Nf6 5. d3 Nc6 6. Bb3 O-O 7. Nbd2 Kh8 8. h3
Ng8 9. g4 Be6 10. Bc2 d5 11. Qe2 Nf6 12. Nf1 dxe4 13. dxe4 Qd7 14. Bd2 Na5 15.
Nxe5 Qd6 16. Nf3 Bc4 17. Qd1 Qa6 18. Ng3 Rfe8 19. g5 Nd7 20. b3 Bd3 21. Bxd3
Qxd3 22. Qe2 Qxe2+ 23. Nxe2 Bd6 24. c4 Nc6 25. Nc3 Bb4 26. O-O-O Bxc3 27. Bxc3
Rxe4 28. Rxd7 Rf4 29. Rd3 Re8 30. Rhd1 Kg8 31. Nd4 Ne5 32. Re3 Rxf2 33. Nb5 f6
34. gxf6 gxf6 35. Nxc7 Rc8 36. Nd5 Rxa2 37. Ne7+ 1-0

[Event "ODEM U25B 2013"]
[Site "Oberhof GER"]
[Date "2013.05.19"]
[Round "2"]
[White "Binner, Jule"]
[Black "Fischer, Elias"]
[Result "1/2-1/2"]
[Termination "normal"]
[Board "11"]
[WhiteElo "1274"]
[BlackElo "1452"]
[PlyCount "40"]
[WhiteFideId "16205332"]
[BlackFideId "12963305"]
[EventCountry "GER"]
[EventRounds "9"]
[EventType "swiss"]
[EventDate "2013.05.18"]

1. e4 e6 2. d4 d5 3. exd5 exd5 4. Bd3 Bd6 5. c3 Nf6 6. Ne2 Be6 7. Bf4 c6 8.
Bxd6 Qxd6 9. O-O O-O 10. Nd2 Nbd7 11. Qc2 Rfe8 12. Ng3 Re7 13. Rae1 Rae8 14. h3
h6 15. Nf3 b5 16. Nf5 Bxf5 17. Bxf5 Rxe1 18. Rxe1 Rxe1+ 19. Nxe1 Qf4 20. Bxd7
Nxd7 1/2-1/2

[Event "ODEM U25B 2013"]
[Site "Oberhof GER"]
[Date "2013.05.19"]
[Round "2"]
[White "Grüninger, Maxim"]
[Black "Schluckner, Paul-Leopold"]
[Result "1-0"]
[Termination "normal"]
[Board "12"]
[WhiteElo "1445"]
[BlackElo "1259"]
[PlyCount "61"]
[WhiteFideId "12942960"]
[BlackFideId "12952168"]
[EventCountry "GER"]
[EventRounds "9"]
[EventType "swiss"]
[EventDate "2013.05.18"]

1. e4 e5 2. Nf3 Nc6 3. d4 exd4 4. Nxd4 Bc5 5. Be3 Bb6 6. Nc3 Nf6 7. Nxc6 bxc6
8. Bxb6 cxb6 9. Bc4 O-O 10. Qf3 d6 11. O-O b5 12. Bb3 Re8 13. h3 Be6 14. Rad1
Bxb3 15. axb3 Qc7 16. Rfe1 Re6 17. b4 Rae8 18. Rd3 d5 19. Rd4 h6 20. Qf5 Qb6
21. Rd3 dxe4 22. Rde3 Re5 23. Qf4 Nd5 24. Nxd5 cxd5 25. Rg3 R5e6 26. Rd1 Rf6
27. Qd2 Rd8 28. Re1 Re8 29. Re2 Rd8 30. Qc3 Rc6 31. Qxg7# 1-0

[Event "ODEM U25B 2013"]
[Site "Oberhof GER"]
[Date "2013.05.19"]
[Round "2"]
[White "Kovac, Linda"]
[Black "Sherif, Malik"]
[Result "0-1"]
[Termination "normal"]
[Board "13"]
[WhiteElo "1250"]
[BlackElo "1440"]
[PlyCount "72"]
[WhiteFideId "12938815"]
[BlackFideId "12911755"]
[EventCountry "GER"]
[EventRounds "9"]
[EventType "swiss"]
[EventDate "2013.05.18"]

1. e4 e5 2. Nf3 Nc6 3. d4 exd4 4. Nxd4 Nf6 5. Nc3 Bb4 6. Nxc6 bxc6 7. Bg5 O-O
8. e5 Re8 9. Qd4 c5 10. Qf4 Qe7 11. Bxf6 Qxf6 12. Qxf6 gxf6 13. O-O-O Bxc3 14.
bxc3 fxe5 15. Rd3 Re6 16. Re3 d5 17. c4 d4 18. Rg3+ Rg6 19. Rxg6+ hxg6 20. Bd3
f5 21. f3 Bb7 22. Be2 Re8 23. h4 Kg7 24. Rh2 e4 25. f4 Re6 26. h5 Rd6 27. Kd2
e3+ 28. Kc1 Rf6 29. a3 Be4 30. Kb2 gxh5 31. Bxh5 Rh6 32. Rh3 Bxg2 33. Rg3+ Kf6
34. Be2 Be4 35. Rg1 Rh2 36. Re1 Rf2 0-1

[Event "ODEM U25B 2013"]
[Site "Oberhof GER"]
[Date "2013.05.19"]
[Round "2"]
[White "Arnold, Leander"]
[Black "Wagner, Swenja"]
[Result "1-0"]
[Termination "normal"]
[Board "14"]
[WhiteElo "1435"]
[BlackElo "1248"]
[PlyCount "75"]
[WhiteFideId "12990230"]
[BlackFideId "12900494"]
[EventCountry "GER"]
[EventRounds "9"]
[EventType "swiss"]
[EventDate "2013.05.18"]

1. d4 d5 2. Nf3 e6 3. e3 Nc6 4. c3 Nf6 5. Bd3 Bd6 6. Nbd2 O-O 7. O-O Ne7 8. e4
dxe4 9. Nxe4 Nxe4 10. Bxe4 Ng6 11. Bc2 c6 12. Re1 Qc7 13. h3 b6 14. Qd3 Re8 15.
Ng5 Bb7 16. Qe2 h6 17. Ne4 c5 18. Nxd6 Qxd6 19. dxc5 Qxc5 20. Qg4 Kh7 21. Re3
f5 22. Qg3 Rad8 23. b4 Qf8 24. h4 Qf6 25. h5 Nh4 26. Re1 Nxg2 27. Re2 Nh4 28.
Be3 Qxc3 29. Rb1 Nf3+ 30. Kf1 Qf6 31. Bb3 f4 32. Bxf4 Ng5 33. Rbe1 Ba6 34. Be5
Bxe2+ 35. Rxe2 Qf3 36. Qg1 Qxh5 37. f4 Nf3 38. Qxg7# 1-0

[Event "ODEM U25B 2013"]
[Site "Oberhof GER"]
[Date "2013.05.19"]
[Round "2"]
[White "Eggert, Daniela"]
[Black "Frohnhäuser, Simon"]
[Result "0-1"]
[Termination "normal"]
[Board "15"]
[WhiteElo "1241"]
[BlackElo "1418"]
[PlyCount "92"]
[WhiteFideId "12991490"]
[BlackFideId "16208528"]
[EventCountry "GER"]
[EventRounds "9"]
[EventType "swiss"]
[EventDate "2013.05.18"]

1. e4 c5 2. Nf3 d6 3. b3 Nf6 4. Nc3 a6 5. Bb2 e6 6. d4 cxd4 7. Qxd4 e5 8. Qc4
Be6 9. Nd5 Bxd5 10. exd5 b5 11. Qd3 Nbd7 12. a4 e4 13. Qe2 bxa4 14. Rxa4 Nc5
15. Ra1 Nxd5 16. Bd4 Nf6 17. Bxc5 dxc5 18. Nd2 Qd4 19. Rxa6 Rb8 20. Qc4 Be7 21.
g3 O-O 22. Bg2 e3 23. Qxd4 cxd4 24. fxe3 dxe3 25. Nc4 Bb4+ 26. Ke2 Rfe8 27. Rd1
Bc5 28. Rd3 Ng4 29. h3 Ne5 30. Nxe5 Rxe5 31. Rd5 Rxd5 32. Bxd5 Rd8 33. Be4 Rd2+
34. Ke1 g6 35. c3 f5 36. Bc6 Be7 37. Bf3 f4 38. Re6 Kf7 39. Re4 Bg5 40. Be2
fxg3 41. Kf1 g2+ 42. Kxg2 Rxe2+ 43. Kf3 Rf2+ 44. Kg3 h5 45. h4 Bf4+ 46. Kh3
Rh2# 0-1

[Event "ODEM U25B 2013"]
[Site "Oberhof GER"]
[Date "2013.05.19"]
[Round "2"]
[White "Dathe, Frederick"]
[Black "Rank, Thomas"]
[Result "1-0"]
[Termination "normal"]
[Board "16"]
[WhiteElo "1233"]
[BlackElo "1407"]
[PlyCount "63"]
[WhiteFideId "12963070"]
[BlackFideId "12967351"]
[EventCountry "GER"]
[EventRounds "9"]
[EventType "swiss"]
[EventDate "2013.05.18"]

1. d4 d5 2. c4 c6 3. Nc3 Nf6 4. Nf3 Bg4 5. Bg5 e6 6. e3 Nbd7 7. Bd3 Be7 8. O-O
h6 9. Bh4 O-O 10. Rc1 Qb6 11. Na4 Qa5 12. cxd5 cxd5 13. Bb1 Rac8 14. Nc3 Rc6
15. Qd2 Bb4 16. Bxf6 Nxf6 17. Ne5 Rc7 18. Nd3 Ne4 19. Qc2 Rfc8 20. Nxb4 Qxb4
21. f3 Nxc3 22. Qh7+ Kf8 23. bxc3 Bf5 24. Bxf5 Qb2 25. Bb1 b5 26. Rc2 Qa3 27.
Rfc1 b4 28. cxb4 Qxb4 29. Qh8+ Ke7 30. Rxc7+ Rxc7 31. Rxc7+ Kf6 32. Qd8+ 1-0

[Event "ODEM U25B 2013"]
[Site "Oberhof GER"]
[Date "2013.05.19"]
[Round "2"]
[White "Granzin, David"]
[Black "Eichstaedt, Ina"]
[Result "1-0"]
[Termination "normal"]
[Board "17"]
[WhiteElo "1391"]
[BlackElo "1224"]
[PlyCount "47"]
[WhiteFideId "12922145"]
[BlackFideId "1270265"]
[EventCountry "GER"]
[EventRounds "9"]
[EventType "swiss"]
[EventDate "2013.05.18"]

1. e4 e5 2. Nf3 Nc6 3. Bc4 h6 4. d4 d6 5. dxe5 Nxe5 6. Nxe5 dxe5 7. Bxf7+ Ke7
8. Qxd8+ Kxd8 9. Be3 Bd6 10. Nc3 Ke7 11. Bb3 Nf6 12. f3 Be6 13. Bxe6 Kxe6 14.
O-O-O a6 15. Nd5 Nxd5 16. Rxd5 Rhd8 17. Rhd1 Kd7 18. Bc5 Ke6 19. Kb1 b6 20. Bf2
Rd7 21. f4 Rad8 22. Bh4 Be7 23. f5+ Kf7 24. Rxd7 1-0

[Event "ODEM U25B 2013"]
[Site "Oberhof GER"]
[Date "2013.05.19"]
[Round "2"]
[White "Schilay, Eva"]
[Black "Reyher, Susan"]
[Result "0-1"]
[Termination "normal"]
[Board "18"]
[WhiteElo "1223"]
[BlackElo "1382"]
[PlyCount "104"]
[WhiteFideId "12930164"]
[BlackFideId "24686107"]
[EventCountry "GER"]
[EventRounds "9"]
[EventType "swiss"]
[EventDate "2013.05.18"]

1. Nc3 Nc6 2. e4 e5 3. Bc4 Nf6 4. d3 Bc5 5. Nf3 d6 6. Bg5 h6 7. Be3 Bb6 8. h3
Bd7 9. d4 Qe7 10. dxe5 Bxe3 11. fxe3 Nxe5 12. Bb3 Nc6 13. Nd2 O-O-O 14. Qf3 Ne5
15. Qe2 Bc6 16. O-O-O Rde8 17. Nd5 Bxd5 18. exd5 Ned7 19. Rde1 Nb6 20. e4 Nbxd5
21. Qf2 Nb6 22. Re3 Rhf8 23. Qg3 g5 24. Rhe1 Qe5 25. Qf2 Nbd7 26. Nc4 Qe7 27.
Nd2 Nc5 28. Qe2 Nxb3+ 29. Nxb3 Qe5 30. Nd2 d5 31. Nf3 Qf4 32. e5 Ne4 33. Kb1 f6
34. exf6 Rxf6 35. Qb5 Nd2+ 36. Nxd2 Rxe3 37. Rxe3 Qxe3 38. a3 Qe6 39. Nf3 Qc6
40. Qd3 Qc4 41. Qe3 Qb5 42. Nd4 Qd7 43. Qe5 Rf8 44. Nb3 Qf7 45. Qg3 Qf4 46. Qc3
Qf1+ 47. Ka2 Qxg2 48. Nc5 Qf3 49. Qg7 Qf6 50. Qd7+ Kb8 51. b3 Qc3 52. Qh7 Qxc5
0-1

[Event "ODEM U25B 2013"]
[Site "Oberhof GER"]
[Date "2013.05.19"]
[Round "2"]
[White "Rose, Luis Stratos"]
[Black "Schenk, Philipp"]
[Result "1/2-1/2"]
[Termination "normal"]
[Board "19"]
[WhiteElo "1380"]
[BlackElo "1213"]
[PlyCount "43"]
[WhiteFideId "12976008"]
[EventCountry "GER"]
[EventRounds "9"]
[EventType "swiss"]
[EventDate "2013.05.18"]

1. d4 d5 2. Nf3 Nf6 3. c4 dxc4 4. e3 Bf5 5. Bxc4 e6 6. O-O Bd6 7. Nc3 Nbd7 8.
Re1 Ne4 9. Nxe4 Bxe4 10. Bd2 O-O 11. Bc3 Nb6 12. Bd3 Bxd3 13. Qxd3 c5 14. Red1
c4 15. Qd2 f5 16. Bb4 Rc8 17. Bxd6 Qxd6 18. Rac1 Nd5 19. Ne5 b5 20. a3 f4 21.
e4 Nb6 22. f3 1/2-1/2

[Event "ODEM U25B 2013"]
[Site "Oberhof GER"]
[Date "2013.05.19"]
[Round "2"]
[White "Lang, Thomas"]
[Black "Usczeck, Alina"]
[Result "0-1"]
[Termination "normal"]
[Board "20"]
[WhiteElo "1210"]
[BlackElo "1380"]
[PlyCount "108"]
[WhiteFideId "12982520"]
[BlackFideId "12938114"]
[EventCountry "GER"]
[EventRounds "9"]
[EventType "swiss"]
[EventDate "2013.05.18"]

1. e4 c6 2. d4 d5 3. exd5 cxd5 4. Nc3 Nf6 5. Nf3 Nc6 6. Be2 e6 7. O-O Be7 8.
Bf4 O-O 9. Bd3 h6 10. Qd2 Nb4 11. Rfe1 Nxd3 12. Qxd3 Qb6 13. b3 Bd7 14. Ne5
Rac8 15. Nxd7 Nxd7 16. Na4 Qc6 17. c3 b5 18. Nb2 Qxc3 19. Qxb5 Nb6 20. Na4 Qxd4
21. Be3 Qb4 22. Qxb4 Bxb4 23. Nxb6 axb6 24. Rec1 Bc5 25. Bxc5 Rxc5 26. Rxc5
bxc5 27. Rc1 Ra8 28. a4 Rb8 29. Rxc5 Rxb3 30. g3 Rb8 31. a5 Ra8 32. Kf1 Kf8 33.
Ke2 Ke8 34. Kd3 Kd7 35. Kc3 Rc8 36. Kb4 Rxc5 37. Kxc5 Kc7 38. a6 Kb8 39. f4 Ka7
40. f5 Kxa6 41. g4 Ka5 42. h4 Ka4 43. g5 hxg5 44. hxg5 g6 45. fxg6 fxg6 46. Kd4
Kb4 47. Ke5 Kc3 48. Kf6 d4 49. Kxg6 d3 50. Kh7 d2 51. g6 d1=Q 52. g7 Qh5+ 53.
Kg8 Qe8+ 54. Kh7 e5 0-1

[Event "ODEM U25B 2013"]
[Site "Oberhof GER"]
[Date "2013.05.19"]
[Round "2"]
[White "Hinrichs, Niklas"]
[Black "Zimmer, Luca"]
[Result "1-0"]
[Termination "normal"]
[Board "21"]
[WhiteElo "1373"]
[BlackElo "1049"]
[PlyCount "119"]
[WhiteFideId "12942499"]
[BlackFideId "12921424"]
[EventCountry "GER"]
[EventRounds "9"]
[EventType "swiss"]
[EventDate "2013.05.18"]

1. d4 e6 2. c4 f5 3. Nc3 Nf6 4. Bg5 c6 5. Nf3 d5 6. e3 Bd6 7. Bd3 Nbd7 8. O-O
O-O 9. Qe2 Qe8 10. Bxf6 Nxf6 11. c5 Bc7 12. b4 a6 13. a4 Bd7 14. b5 Qe7 15.
bxa6 bxa6 16. Bxa6 Ba5 17. Na2 Ne4 18. Ne5 Ra7 19. Bd3 Nd2 20. Rfd1 Ne4 21. f3
Bc3 22. Rac1 Bd2 23. Rc2 Ba5 24. Rb2 Nc3 25. Nxc3 Bxc3 26. Rb3 Ba5 27. Bc2 Bc7
28. Nd3 Qh4 29. f4 Qd8 30. Rb2 Bc8 31. Nb4 Ba5 32. Nxc6 Ba6 33. Qf2 Qc7 34.
Nxa7 Qxa7 35. Bd3 Bc3 36. Rb6 Bxd3 37. Rxd3 Ba5 38. Rb5 Qa6 39. Qc2 Ra8 40. Ra3
Rc8 41. Ra1 Bc7 42. Qb3 Ra8 43. Rb7 Ra7 44. Rxa7 Qxa7 45. Qb5 Qa8 46. a5 Kf8
47. a6 Ke7 48. Qb7 Qd8 49. a7 h6 50. a8=Q Qxa8 51. Rxa8 Kf6 52. Qxc7 Kg6 53.
Re8 Kh5 54. Qf7+ Kh4 55. Kf2 g5 56. fxg5 h5 57. g3+ Kg4 58. Kg2 e5 59. Rg8 f4
60. h3# 1-0

[Event "ODEM U25B 2013"]
[Site "Oberhof GER"]
[Date "2013.05.19"]
[Round "2"]
[White "Zimmer, Claudius"]
[Black "Schmidt, Alexandra"]
[Result "0-1"]
[Termination "normal"]
[Board "22"]
[WhiteElo "914"]
[BlackElo "1512"]
[PlyCount "174"]
[BlackFideId "12946036"]
[EventCountry "GER"]
[EventRounds "9"]
[EventType "swiss"]
[EventDate "2013.05.18"]

1. e4 e6 2. d4 d5 3. exd5 exd5 4. c4 Nf6 5. Nc3 c6 6. Nf3 Bg4 7. h3 Bh5 8. Be2
Bd6 9. O-O O-O 10. c5 Bc7 11. Ng5 Bxe2 12. Qxe2 Re8 13. Qd3 Nbd7 14. Ne2 h6 15.
Nf3 Qe7 16. Ng3 Ne4 17. Nf5 Qf6 18. Ne3 Nf8 19. Ng4 Qe6 20. Nge5 Ng6 21. Nxg6
Qxg6 22. Nd2 Re6 23. Nxe4 Qxe4 24. Qxe4 Rxe4 25. Be3 Bf4 26. Bxf4 Rxf4 27. Rad1
Re8 28. g3 Rfe4 29. b4 Re2 30. a4 Ra2 31. Ra1 Ree2 32. b5 Rxa1 33. Rxa1 Rb2 34.
bxc6 bxc6 35. a5 Rb4 36. Re1 Kf8 37. Rd1 Ra4 38. Kg2 Rxa5 39. Rb1 Rb5 40. Ra1
a5 41. Kf3 Ke7 42. Kf4 Kf6 43. g4 g6 44. h4 g5+ 45. hxg5+ hxg5+ 46. Ke3 Kg6 47.
f4 f6 48. Kf3 gxf4 49. Kxf4 Rb4 50. Ke3 a4 51. Kd3 Kg5 52. Kc3 Rc4+ 53. Kd3
Kxg4 54. Rg1+ Kh3 55. Rg8 f5 56. Rf8 a3 57. Rxf5 a2 58. Rf1 Ra4 59. Ra1 Kg3 60.
Kc3 Kf3 61. Kb3 Ra8 62. Kb2 Ke3 63. Rxa2 Rxa2+ 64. Kxa2 Kxd4 65. Kb3 Kxc5 66.
Kc3 d4+ 67. Kd3 Kd5 68. Kc2 Kc4 69. Kd2 d3 70. Kd1 Kc3 71. Kc1 d2+ 72. Kd1 c5
73. Ke2 Kc2 74. Ke3 d1=Q 75. Ke4 Qd2 76. Ke5 Qd3 77. Kf6 Qe4 78. Kg5 Qf3 79.
Kg6 Qf4 80. Kh5 Qg3 81. Kh6 Qg4 82. Kh7 Qg5 83. Kh8 Kd3 84. Kh7 Ke4 85. Kh8 Kf5
86. Kh7 Kf6 87. Kh8 Qg7# 0-1

[Event "ODEM U25B 2013"]
[Site "Oberhof GER"]
[Date "2013.05.19"]
[Round "2"]
[White "Schramm, Anna-Lena"]
[Black "Pahl, Theis"]
[Result "1-0"]
[Termination "normal"]
[Board "23"]
[WhiteElo "1420"]
[BlackElo "839"]
[PlyCount "73"]
[WhiteFideId "12918237"]
[BlackFideId "16201264"]
[EventCountry "GER"]
[EventRounds "9"]
[EventType "swiss"]
[EventDate "2013.05.18"]

1. c4 Nf6 2. Nc3 e5 3. g3 g6 4. Bg2 Bg7 5. e4 O-O 6. Nf3 Nc6 7. O-O d6 8. d3
Nd4 9. Be3 c5 10. Nb5 Be6 11. Nbxd4 cxd4 12. Bd2 Rc8 13. b3 Qc7 14. Ng5 a6 15.
Nxe6 fxe6 16. Bh3 Qe7 17. f4 b5 18. fxe5 dxe5 19. Rb1 Nh5 20. Qg4 Rce8 21. Bg5
Bf6 22. Bxf6 Rxf6 23. Rxf6 Qxf6 24. Rf1 Qe7 25. cxb5 axb5 26. Rc1 Nf6 27. Qg5
b4 28. Qxe5 h5 29. Qxd4 Ng4 30. Bxg4 hxg4 31. e5 Qg5 32. Rf1 Rc8 33. Qxb4 Qxe5
34. Qxg4 Kg7 35. Qf3 Rf8 36. Qxf8+ Kh7 37. Rf7+ 1-0